LIBRARY ONLINE CATALOGUE

Fire in the fireplace : (Record no. 21089)

MARC details
000 -LEADER
fixed length control field 00974nam a2200313 i 4500
001 - CONTROL NUMBER
control field 2247144
003 - CONTROL NUMBER IDENTIFIER
control field OSt
005 - DATE AND TIME OF LATEST TRANSACTION
control field 20260121150321.0
008 - FIXED-LENGTH DATA ELEMENTS--GENERAL INFORMATION
fixed length control field 780419s1978 ilu b 001 0 eng
010 ## - LIBRARY OF CONGRESS CONTROL NUMBER
LC control number 77006031
020 ## - INTERNATIONAL STANDARD BOOK NUMBER
International Standard Book Number 0877847428 :
Terms of availability $4.95
020 ## - INTERNATIONAL STANDARD BOOK NUMBER
International Standard Book Number 9780877847427
035 ## - SYSTEM CONTROL NUMBER
System control number 2247144
040 ## - CATALOGING SOURCE
Original cataloging agency DLC
Transcribing agency DLC
Modifying agency DLC
050 00 - LIBRARY OF CONGRESS CALL NUMBER
Classification number BR1644
Item number .H85
082 00 - DEWEY DECIMAL CLASSIFICATION NUMBER
Classification number 270.8/2
100 1# - MAIN ENTRY--PERSONAL NAME
Personal name Hummel, Charles E.
245 10 - TITLE STATEMENT
Title Fire in the fireplace :
Remainder of title contemporary charismatic renewal /
Statement of responsibility, etc. Charles E. Hummel.
260 ## - PUBLICATION, DISTRIBUTION, ETC. (IMPRINT)
Place of publication, distribution, etc. Downers Grove, Ill. :
Name of publisher, distributor, etc. InterVarsity Press,
Date of publication, distribution, etc. c1978.
300 ## - PHYSICAL DESCRIPTION
Extent 275 p. ;
Dimensions 21 cm.
336 ## - CONTENT TYPE
Content type term text
Content type code txt
Source rdacontent
337 ## - MEDIA TYPE
Media type term unmediated
Media type code n
Source rdamedia
338 ## - CARRIER TYPE
Carrier type term volume
Carrier type code nc
Source rdacarrier
504 ## - BIBLIOGRAPHY, ETC. NOTE
Bibliography, etc Includes bibliographical references and indexes.
650 #0 - SUBJECT ADDED ENTRY--TOPICAL TERM
Topical term or geographic name as entry element Pentecostalism.
906 ## - LOCAL DATA ELEMENT F, LDF (RLIN)
a 7
b cbc
c orignew
d 2
e ocip
f 19
g y-gencatlg
942 ## - ADDED ENTRY ELEMENTS (KOHA)
Source of classification or shelving scheme Library of Congress Classification
Koha item type General Collection
Holdings
Withdrawn status Lost status Source of classification or shelving scheme Not for loan Home library Current library Shelving location Date acquired Source of acquisition Inventory number Total Checkouts Full call number Barcode Date last seen Copy number Price effective from Koha item type
    Library of Congress Classification   Kabarak, Main Campus Kabarak, Main Campus General Stacks 21/01/2026 Donation 2025/2619   BR1644 .H85 1978 C.1 39221 21/01/2026 C.1 21/01/2026 General Collection